| 000 | 00502nam a2200205Ia 4500 | ||
|---|---|---|---|
| 003 | OSt | ||
| 005 | 20140312150037.0 | ||
| 008 | 140130s9999 xx 000 0 und d | ||
| 020 | _a97805904388961 | ||
| 050 |
_aPZ 8.3 _b.M418Ch 1991 |
||
| 100 | _aMartin, Bill | ||
| 245 |
_aChicka Chicka Boom Boom / _cBill Martin. |
||
| 260 |
_bScholastic, _c1991. _aNew York : |
||
| 300 |
_a30 p. : _bcol. ill. ; _c28 cm. |
||
| 440 | _v1 | ||
| 521 | _aG3 | ||
| 526 | _c530 | ||
| 942 |
_cBK _2lcc |
||
| 999 |
_c40597 _d40597 |
||